000 00618nam a2200217Ia 4500
001 3166
003 GE_BSU
008 181216s||||||||xx |||||||||||||| ||und||
040 _cGE_BSU
080 _a514.18(075.8)
100 _aГулисашвили,А.А.
245 _aНачертательная геометрия(краткий курс).
245 _bУчебник.
245 _cРед.Из-ва Т.А.Абрамишвили.
260 _aТб.
260 _bЦодна.
260 _c1963.
300 _a310стр.22см.
653 _aНачертательная геометрия.
942 _cBK
999 _c37209
_d37209